000 00892nam a2200277 i 4500
001 000029552
003 DO-SdBNP
005 20260311083040.0
007 ta
008 110418s1980 dr 000 0 spa d
040 _aDO-SdBNP
_bspa
_cBNPHU
_erda
041 _aspa
082 4 _axxx
_bM938f
_222
100 _aMoya Pons, Frank,
_eautor
_4aut.
_984999
111 2 _aConferencia encuentro de jóvenes sobresalientes de la República Dominicana
_c(Santo Domingo
_d1980 : 27 agosto
_n1: )
_956389
245 1 3 _aEl futuro dominicano /
_cFrank Moya Pons.
264 1 _aSanto Domingo :
_beditor no identificado,
_c1980.
300 _a17 páginas ;
_c22 cm.
336 _atexto
_btxt
_2rdacontent
337 _asinmediación
_bn
_2rdamedia
338 _avolumen
_bnc
_2rdacarrier
590 _aInventariado, 2019/VM
600 1 0 _aMoya Pons, Frank,
_d1944-
_92095
910 _aVM
942 _2ddc
_cLF2
999 _c29044
_d29044